| 000 | 01003nam a2200229Ia 4500 | ||
|---|---|---|---|
| 999 |
_c47250 _d47250 |
||
| 001 | 14110 | ||
| 003 | GE_BSU | ||
| 005 | 20241107122418.0 | ||
| 008 | 181216s2014||||ge |||||||||||||| ||geo|| | ||
| 020 | _a9789941164101 | ||
| 040 | _cGE_BSU | ||
| 041 | _ageo | ||
| 080 | _a069(042.4) მ-58 | ||
| 100 |
_aყორანაშვილი, გურამ _917659 |
||
| 245 |
_aქართველთა ეთნოგენეზისის საკითხი / _cგურამ ყორანაშვილი ; რედ. ნათელა თუხარელი. |
||
| 264 |
_aთბილისი : _bსაქართველოს მაცნე, _c2014. |
||
| 300 |
_a231 გვ. ; _c20 სმ. |
||
| 500 | _aდანართი : გვ. 115-229 | ||
| 653 | _aქართველთა ეთნოგენეზისის საკითხი | ||
| 700 |
_aთუხარელი, ნ. (ნათელა) _eრედაქტორი _923642 |
||
| 942 |
_cBK _2udc |
||